Texto oficial del ordinario de la S. misa en español : para uso de los sacerdotes y de los fieles /

Guardado en:
Detalles Bibliográficos
Autor corporativo: Iglesia Católica. Conferencia del Episcopado Mexicano
Otros autores: Costamagna, Sergio (adaptación) (adaptación)
Formato: Libro
Idioma:Español
Publicado: México : Ediciones Paulinas, 1965, c1965
Etiquetas: Agrega una etiqueta
Sin etiquetas, Sé el primero en etiquetar este registro!

MARC

LEADER 00000nam^a2200000^a^4500
001 000574916
005 20250521000000.0
009 20260310132357.607
037 |a Acervo ITESO - Biblioteca 
041 |a ESP 
091 |a FGM. 05293 
110 |a Iglesia Católica.  |b Conferencia del Episcopado Mexicano 
245 1 0 |a Texto oficial del ordinario de la S. misa en español :  |b para uso de los sacerdotes y de los fieles / 
264 4 |a México :  |b Ediciones Paulinas,  |c 1965, c1965 
300 |a 15 p. 
336 |a texto  |b txt  |2 rdacontenido 
337 |a sin mediación  |b n  |2 rdamedio 
338 |a volumen  |b nc  |2 rdasoporte 
649 |a XX 
700 |a Costamagna, Sergio  |e (adaptación) 
910 |a Fondo Efraín González Morfín 
920 |a Impresos - Libros 
930 |a Fondos Especiales 
905 |a 130 
901 |a 0500392017  |b IT2  |c ESL  |i D94610  |u 20250521 
902 |a https://opac.biblio.iteso.mx/vufind/Record/000574916